Statistiques concernant Culture Générale - Série 1323

Cliquez ici pour prendre le quiz!

Statistiques générales

  • Ce quiz a été pris 48 fois
  • Le résultat moyen est 4 sur 10

Statistiques - réponses

Question Réponse % Correct
Quel était le prénom de l'écrivain Camus, auteur de "La Peste" ?Albert
93%
Bonbon de forme allongée ou ronde, fixé à l'extrémité d'un bâtonnet, je suis une...sucette
85%
Quel dieu grec est l'équivalent de Cupidon chez les Romains ?Éros
59%
De quel État David Ben Gourion a-t-il proclamé l'indépendance en 1948 ?Israël
57%
Quel poète français est l'auteur du recueil "Alcools", publié en 1913 ?Guillaume Apollinaire
46%
Quel empereur d'Allemagne abdique en 1918 ?Guillaume II
33%
Quel savant anglais fabrique le premier télescope à miroir, en 1668 ?Isaac Newton
22%
Selon la nomenclature actuelle, en combien de constellations le ciel est-il partagé ?88
13%
En 1904, l'Entente cordiale établit un rapprochement politique entre la France et...la Grande-Bretagne
4%
Quelle oeuvre de Marcel Pagnol comporte deux volets : “Jean de Florette” et “Manon des sources” ?L'Eau des collines
4%

Distribution des résultats

Percentile par nombre de réponses

% des personnes avec chaque résultat

Votre développement - résultats

Vous n’avez pas pris ce quiz